[Event "GER-ch U18 Girls"]
[Site "Willingen"]
[Date "2019.06.14"]
[Round "8"]
[White "Gesell, Patricia"]
[Black "Fuchs, Emily"]
[Result "1/2-1/2"]
[WhiteElo "1046"]
[BlackElo "1384"]
[PlyCount "83"]
[EventDate "2019.06.08"]
[EventType "swiss"]
[EventRounds "9"]
[EventCountry "GER"]
[SourceTitle "CBM 191 Extra"]
[Source "ChessBase"]
[SourceDate "2019.09.30"]
[SourceVersion "1"]
[SourceVersionDate "2019.09.30"]
[SourceQuality "1"]

1. Nf3 Nf6 2. d4 e6 3. c4 Bb4+ 4. Bd2 Bxd2+ 5. Nbxd2 b6 6. g3 Bb7 7. Bg2 0-0 8. 0-0 c5 9. Nb3 Qe7 10. a4 d5 11. Rc1 Na6 12. Ne5 Rac8 13. f3 Rfd8 14. Re1 cxd4 15. cxd5 Rxc1 16. Qxc1 Qd6 17. f4 Bxd5 18. Bxd5 Nxd5 19. Nxd4 Qc5 20. Qxc5 Nxc5 21. Ndc6 Ra8 22. Rc1 f6 23. Nd3 Nxa4 24. Kf2 Rc8 25. b3 Nac3 26. Rxc3 Nxc3 27. Ne7+ Kf8 28. Nxc8 Nb5 29. e3 Ke8 30. e4 Kd7 31. Nxa7 Nxa7 32. Ke3 Nc6 33. Nc1 e5 34. Nd3 Kd6 35. h4 Nd4 36. b4 g6 37. g4 b5 38. f5 gxf5 39. gxf5 Nc6 40. Kf3 h5 41. Ke3 Nd4 42. Kf2 1/2-1/2

[Event "GER-ch U18 Girls"]
[Site "Willingen"]
[Date "2019.06.12"]
[Round "5"]
[White "Peters, Jenna Maria Lara"]
[Black "Gesell, Patricia"]
[Result "1-0"]
[WhiteElo "1594"]
[BlackElo "1046"]
[PlyCount "45"]
[EventDate "2019.06.08"]
[EventType "swiss"]
[EventRounds "9"]
[EventCountry "GER"]
[SourceTitle "CBM 191 Extra"]
[Source "ChessBase"]
[SourceDate "2019.09.30"]
[SourceVersion "1"]
[SourceVersionDate "2019.09.30"]
[SourceQuality "1"]

1. e4 c5 2. d4 cxd4 3. c3 dxc3 4. Nxc3 d6 5. Nf3 Nc6 6. Bb5 Bd7 7. 0-0 Nf6 8. Bg5 Qb6 9. Qd2 0-0-0 10. Rfc1 Nxe4 11. Nxe4 Qxb5 12. Be3 Kb8 13. Nd4 Nxd4 14. Qxd4 b6 15. a4 Qe5 16. Qd3 Bf5 17. Qa6 d5 18. Bxb6 axb6 19. Qxb6+ Ka8 20. Qxd8+ Qb8 21. Qa5+ Qa7 22. Qxd5+ Kb8 23. Qd8+ 1-0

[Event "GER-ch U18 Girls"]
[Site "Willingen"]
[Date "2019.06.10"]
[Round "3"]
[White "Kuemmel, Tina"]
[Black "Gesell, Patricia"]
[Result "1-0"]
[WhiteElo "1446"]
[BlackElo "1046"]
[PlyCount "107"]
[EventDate "2019.06.08"]
[EventType "swiss"]
[EventRounds "9"]
[EventCountry "GER"]
[SourceTitle "CBM 191 Extra"]
[Source "ChessBase"]
[SourceDate "2019.09.30"]
[SourceVersion "1"]
[SourceVersionDate "2019.09.30"]
[SourceQuality "1"]

1. d4 c5 2. d5 b5 3. g3 Bb7 4. e4 Nf6 5. Bg2 d6 6. Ne2 e6 7. dxe6 fxe6 8. Nf4 Qc8 9. Qe2 a6 10. Nd2 Be7 11. Bh3 Qc6 12. Bxe6 Nbd7 13. Nd5 Nf8 14. Nxf6+ Bxf6 15. Bd5 Qc7 16. Bxb7 Qxb7 17. 0-0 Ng6 18. Qg4 Rd8 19. c3 Qd7 20. Qxd7+ Rxd7 21. f4 0-0 22. Nf3 Re7 23. Rd1 Rxe4 24. Rxd6 Ra8 25. Bd2 Re2 26. Kf1 Ree8 27. Re1 Rxe1+ 28. Bxe1 b4 29. Rc6 Be7 30. Bf2 Nf8 31. Bxc5 Bxc5 32. Rxc5 Rb8 33. cxb4 Rxb4 34. b3 Nd7 35. Rc7 Nf6 36. Ne5 Kf8 37. Rc8+ Ne8 38. Ra8 Rd4 39. Rxa6 Rd1+ 40. Ke2 Rh1 41. h4 Nf6 42. Ra7 Nd5 43. Rf7+ Kg8 44. Rd7 Nxf4+ 45. gxf4 Kf8 46. Nf3 Ra1 47. a4 Ra3 48. Rb7 Kg8 49. Ng5 g6 50. Nxh7 Ra2+ 51. Kf3 Rd2 52. a5 Rd6 53. b4 Kh8 54. b5 1-0

[Event "GER-ch U18 Girls"]
[Site "Willingen"]
[Date "2019.06.09"]
[Round "2"]
[White "Schneider, Xenia"]
[Black "Gesell, Patricia"]
[Result "1-0"]
[WhiteElo "1364"]
[BlackElo "1046"]
[PlyCount "65"]
[EventDate "2019.06.08"]
[EventType "swiss"]
[EventRounds "9"]
[EventCountry "GER"]
[SourceTitle "CBM 191 Extra"]
[Source "ChessBase"]
[SourceDate "2019.09.30"]
[SourceVersion "1"]
[SourceVersionDate "2019.09.30"]
[SourceQuality "1"]

1. e4 g6 2. Bc4 Bg7 3. Nf3 Nf6 4. Nc3 0-0 5. 0-0 Nc6 6. d4 b6 7. e5 Ne8 8. Ng5 e6 9. f4 Bb7 10. f5 exf5 11. Rxf5 Na5 12. Bxf7+ Rxf7 13. Rxf7 h6 14. e6 dxe6 15. Nxe6 Qd6 16. Rxg7+ Nxg7 17. Nf4 a6 18. Qd3 g5 19. Nfe2 Qc6 20. d5 Qc5+ 21. Be3 Qe7 22. Bd4 Rd8 23. Qf3 Nc4 24. Bf6 Qc5+ 25. Bd4 Qd6 26. Ne4 Bxd5 27. Nf6+ Kh8 28. Qh3 h5 29. Nxh5 Kg8 30. Nxg7 Qd7 31. Nf5 Kf7 32. Qh7+ Ke6 33. Qg6# 1-0